00474nam a2200193Ia 4500003000400000005001700004008004100021020001800062040000700080041000800087082001500095100001600110245006300126260003900189300001700228365000800245650001200253650001500265OSt20230426102755.0210423s2008 xx 000 0 und d a9781412903127 cAL aeng a070.1 KUNL aKUNG (Lucy) aStrategic management in the media: from theory to practice aNew DelhibSage Publicationsc2008 aviii,248bPB cINR aGeneral aMass Media